Ivanhoe.

Salvato in:
Dettagli Bibliografici
Autore principale: Scott, Walter, Sir, 1771-1832 (autor)
Natura: Libro
Lingua:spagnolo
Pubblicazione: Santiago, Chile: Ediciones Occidente, 1989.
Edizione:Primera edición.
Soggetti:
Tags: Aggiungi Tag
Nessun Tag, puoi essere il primo ad aggiungerne!!

MARC

LEADER 00000nam a22000007a 4500
003 CL-VaPUC
005 20241216164054.0
008 241206t1989 ||||| |||| 00| 0 spa d
999 |c 446146  |d 446144 
040 |c Pontificia Universidad Católica de Valparaíso 
082 |2 22  |a 823 WAL 1989 
100 |9 514576  |a Scott, Walter, Sir,  |d 1771-1832  |e autor 
245 |a Ivanhoe. 
250 |a Primera edición. 
260 |a Santiago, Chile:  |b Ediciones Occidente,  |c 1989. 
300 |a 128 páginas. 
500 |a c.1: Donación P.I.I.E. 2-12-2024. 
583 |c 20241206  |k Yessy Sthefany Diaz Vidal 
650 0 |9 265220  |a Novelas inglesas  |z Inglaterra  |y Siglo 18 
650 0 |9 894562  |a English novels  |z England  |y 18th century 
942 |2 ddc  |c BK 
952 |0 0  |1 0  |2 ddc  |4 0  |6 823_000000000000000_WAL_1989  |7 0  |8 A  |9 598525  |a BIBGIM  |b BIBGIM  |d 2024-12-06  |e Donación  |i 5663516  |o 823 WAL 1989  |p 5663516  |r 2025-01-15  |t 1  |w 2024-12-06  |y BK  |k ELE